Missing Word: 1972 Rock Albums Quiz Stats

 Plays Quiz Updated May 7, 2018

Challenge
Share
Tweet
Embed
Score 0/20 Timer 01:30
0 Plays Today
Hint Answer % Correct
The Rise and Fall of Ziggy Stardust (David Bowie)Rock
90.4%
Harvest (Neil Young)Heart
86.7%
Machine Head (Deep Purple)Smoke
83.9%
Harvest (Neil Young)Man
69.6%
The Rise and Fall of Ziggy Stardust (David Bowie)City
68.8%
Exile on Main St. (The Rolling Stones)Tumbling
52.5%
Harvest (Neil Young)Damage
49.9%
Exile on Main St. (The Rolling Stones)Shine
40.1%
Machine Head (Deep Purple)Star
39.7%
Harvest (Neil Young)Old
34.5%
Hint Answer % Correct
Machine Head (Deep Purple)Space
30.9%
The Rise and Fall of Ziggy Stardust (David Bowie)Daydream
28%
Exile on Main St. (The Rolling Stones)Off
27.5%
Exile on Main St. (The Rolling Stones)Line
26.6%
Exile on Main St. (The Rolling Stones)Joint
22.4%
The Rise and Fall of Ziggy Stardust (David Bowie)Years
20.1%
Harvest (Neil Young)Weekend
13.7%
Machine Head (Deep Purple)Leo
10.2%
The Rise and Fall of Ziggy Stardust (David Bowie)Soul
9.2%
Machine Head (Deep Purple)Home
8.2%

Today's Daily Dose

Missing Word
Entertainment 'L'

Word Ladder
Fingers

Quick Pick
When in Rome

On This Day
December 15th II

You're not logged in!

Compare scores with friends on all Sporcle quizzes.
OR
Log In

You Might Also Like...

Show Comments

Extras

Top Quizzes Today


Score Distribution

Your Account Isn't Verified!

In order to create a playlist on Sporcle, you need to verify the email address you used during registration. Go to your Sporcle Settings to finish the process.

Report this User

Report this user for behavior that violates our Community Guidelines.

Details: